00755nam a2200265 4500003000400000005001700004008004100021020001500062020001500077040001800092041000800110050002200118100003200140245005100172264003400223300003500257336002200292337002400314338002400338500005900362650001400421650002300435942001400458999001700472OSt20260601193840.0260507b1999 mx ||||| |||| 00| 0 spa d a9701024346 a9701024346 aICIbspacICI aspa aNC1002.L63bL6418 a Lloyd Morgan Conwayeautor 0aLogos:b Logotipos, identidad, marca, cultura. aMéxico :bMcGraw-Hillc1999 a160 páginas :bilustraciones atexto2rdacontent asin medio2rdamedia avolumen2rdacarrier aTraducción de: Logos: logo, indetity, brand, culture 4aLogotipos 4aMarcas registradas 2lcccBn1 c21394d21394